| Поле | Название | Значение |
| |
Тип записи |
a |
| |
Библиографический уровень |
m |
| 001 |
Контрольный номер |
SKBR/94a9d48f-0055-4a2f-aa30-bee92d1f83ed |
| 005 |
Дата корректировки |
20260428092705.6 |
| 010 |
Индекс ISBN |
__ |
| a |
ISBN |
978-5-00250-055-0 |
| 9 |
Тираж |
3000 экз. |
| b |
Уточнения |
в пер. |
| d |
Цена |
550-00 |
| 035 |
Другие системные номера |
__ |
| a |
Идентификатор записи |
RU\NLR\BIBL_A\022538474 |
| 100 |
Данные общей обработки |
__ |
| a |
Данные общей обработки |
20260420d2025 m y0rusa028902 ca |
| 101 |
Язык документа |
1_ |
| a |
Язык текста |
rus |
| c |
Язык оригинала |
eng |
| 102 |
Страна публикации |
__ |
| a |
Страна публикации |
RU |
| 105 |
Кодированные данные (монография) |
__ |
| a |
Кодированные данные (монография) |
y z 000yy |
| 181 |
Поле кодированных данных: вид содержания |
_0 |
| a |
Код вида содержания (ISBD) |
i |
| 182 |
Поле кодированных данных: тип средства |
_0 |
| a |
Код типа средства (ISBD) |
n |
| 200 |
Заглавие и сведения об ответственности |
1_ |
| a |
Заглавие |
С тобой хотят дружить! |
| e |
Сведения, относящиеся к заглавию |
как помочь ребенку развить коммуникабельность и найти друзей |
| f |
Первые сведения об ответственности |
Стивен Новицки |
| g |
Последующие сведения об ответственности |
перевод с английского Людмилы Головиной |
| 203 |
Вид содержания и тип средства |
__ |
| a |
Вид содержания |
Текст |
| c |
Тип средства |
непосредственный |
| 210 |
Выходные данные |
1_ |
| a |
Место издания |
Москва |
| c |
Издательство |
МИФ |
| d |
Дата издания |
2025 |
| 215 |
Физическое описание |
__ |
| a |
Объем |
269, [2] с. |
| d |
Формат |
22 см |
| 225 |
Серия |
1_ |
| a |
Серия |
Инвестиции в будущее. Воспитываем детей, готовых к вызовам судьбы |
| 225 |
Серия |
2_ |
| a |
Серия |
Родители успешных детей |
| i |
Наименование части |
Коммуникабельность |
| 320 |
Библиография |
__ |
| a |
Библиография |
Библиография: с. 258-[270] |
| 330 |
Аннотация |
__ |
| a |
Аннотация |
Исследователи из Гарварда и Стэнфорда выяснили, что 85% достижений на работе — это результат личных качеств сотрудников. Для успеха необходимы 8 ключевых навыков: Инициативность, Саморегуляция, Креативность, Критическое мышление, Адаптивность, Активное слушание, Самостоятельность, Коммуникабельность. В серию “Инвестиция в будущее. Воспитываем детей, готовых к вызовам судьбы” вошли книги от экспертов и психологов, которые помогут родителям развить у детей каждый из этих навыков. Эта книга посвящена коммуникабельности. Профессор психологии и один из основоположников Эмоционального интеллекта Стивен Новицки (на его работы ссылается Даниел Гоулман) делится методами обучения невербальной коммуникации, которые помогут вырастить открытых и общительных детей, способных создавать прочные связи. |
| 333 |
Примечание о целевом назначении |
__ |
| a |
Примечание о целевом назначении |
16+. Для детей старше 16 лет |
| 454 |
Оригинал |
_0 |
| 1 |
|
2001 |
| a |
|
Raising a socially successful child |
| e |
|
Teaching kids the nonverbal language they need to communicate, connect and thrive |
| f |
|
Stephen Nowicki |
| 1 |
|
700 1 |
| a |
|
Nowicki |
| b |
|
S. |
| c |
|
психолог |
| g |
|
Stephen |
| 540 |
Дополнительное заглавие, сделанное каталогизатором |
10 |
| a |
Дополнительное заглавие, сделанное каталогизатором |
Как помочь ребенку развить коммуникабельность и найти друзей |
| 606 |
Тематические рубрики |
__ |
| 2 |
Код системы |
nlr_sh |
| a |
Основная рубрика |
Психология |
| 606 |
Тематические рубрики |
__ |
| 2 |
Код системы |
nlr_sh |
| a |
Основная рубрика |
Детская психология |
| 686 |
Индексы других классификаций |
__ |
| 2 |
Код системы |
rubbks |
| a |
Классификационный индекс |
88.41-99; В88.41 |
| 700 |
Автор |
_1 |
| a |
Фамилия |
Новицки |
| b |
Имя |
С. |
| g |
Полное личное имя |
Стивен |
| f |
Даты |
1955- |
| 4 |
Код отношения |
070 |
| 702 |
Вторичная интеллектуальная ответственность |
_1 |
| a |
Фамилия |
Головина |
| b |
Имя |
Л. |
| g |
Полное личное имя |
Людмила |
| 4 |
Код отношения |
730 |
| 801 |
Источник записи |
_0 |
| a |
Страна |
RU |
| b |
Организация |
NLR |
| c |
Дата составления |
20250512 |
| g |
Правила каталогизации |
PSBO |
| 801 |
Источник записи |
_1 |
| a |
Страна |
RU |
| b |
Организация |
NLR |
| c |
Дата составления |
20250512 |
| g |
Правила каталогизации |
PSBO |
| 801 |
Источник записи |
_2 |
| a |
Страна |
RU |
| b |
Организация |
NLR |
| c |
Дата составления |
20250902 |
| 2 |
Код формата |
rusmarc |
| g |
Правила каталогизации |
PSBO |
| 852 |
Данные о местонахождении |
__ |
| i |
Авторский знак |
Н 73 |
| j |
Шифр хранения |
88.41-99 |
| 900 |
Макрообъекты |
__ |
| a |
Макрообъекты |
С тобой хотят дружить. Новицки, С., 2025 |
| 901 |
Тип документа |
__ |
| a |
Ответственный |
КиК/Обаева |
| t |
Тип документа |
m |
| 901 |
Тип документа |
__ |
| a |
Ответственный |
5 партия |
| 903 |
Характеристики (МАРС) |
__ |
| a |
Дата передачи |
20260420 |
| c |
Наименование библиотеки (МАРС) |
Муниципальное бюджетное учреждение культуры "Централизованная библиотечная система" г. Сургут (Центральная городская библиотека им. А. С. Пушкина) |
| 990 |
Данные о заказе (DOS) |
__ |
| j |
Количество экземпляров (DOS) |
1 |
| t |
N записи в КСУ для И/У (DOS) |
202605 |